000 00244nmm a2200085Ia 4500
008 220120s9999||||xx |||||||||||||||||und||
100 _aDigit
245 0 _a80 plus open resorce software, 6 full free games
260 _aNine dot nine interactive ltd.
999 _c139727
_d139727